000
00223nam a22000857a 4500
008
170603b xxu||||| |||| 00| 0 eng d
100
_9
3225
_a
Bronte. E
245
_a
Withering Heights
260
_a
New Delhi
_b
Vikas Publication
_c
2004
999
_c
6539
_d
6539